<?xml version="1.0" encoding="UTF-8"?>
<record
    xmlns:xsi="http://www.w3.org/2001/XMLSchema-instance"
    xsi:schemaLocation="http://www.loc.gov/MARC21/slim http://www.loc.gov/standards/marcxml/schema/MARC21slim.xsd"
    xmlns="http://www.loc.gov/MARC21/slim">

  <leader>03960nam a2200397 i 4500</leader>
  <controlfield tag="001">000039434</controlfield>
  <controlfield tag="003">DO-SdBNP</controlfield>
  <controlfield tag="005">20251121132244.0</controlfield>
  <controlfield tag="007">ta</controlfield>
  <controlfield tag="008">130627s2005    dr            000 0 spa d</controlfield>
  <datafield tag="020" ind1=" " ind2=" ">
    <subfield code="a">9945412159</subfield>
  </datafield>
  <datafield tag="040" ind1=" " ind2=" ">
    <subfield code="a">DO-SdBNP</subfield>
    <subfield code="b">spa</subfield>
    <subfield code="c">BNPHU</subfield>
    <subfield code="e">rda</subfield>
  </datafield>
  <datafield tag="041" ind1=" " ind2=" ">
    <subfield code="a">spa</subfield>
  </datafield>
  <datafield tag="082" ind1=" " ind2="4">
    <subfield code="a">320.98</subfield>
    <subfield code="b">E56a</subfield>
    <subfield code="2">22</subfield>
  </datafield>
  <datafield tag="111" ind1="2" ind2=" ">
    <subfield code="a">Encuentro del Grupo Biarritz</subfield>
    <subfield code="n">(1 :</subfield>
    <subfield code="d">2003, nov. 26 -28 :</subfield>
    <subfield code="c">Francia)</subfield>
    <subfield code="9">65637</subfield>
  </datafield>
  <datafield tag="245" ind1="1" ind2="0">
    <subfield code="a">Am&#xE9;rica Latina :</subfield>
    <subfield code="b">&#xBF;gobernabilidad amenazada? /</subfield>
    <subfield code="c">pr&#xF3;logo, Didier Borotra ; ilustraciones, Yoel Bordas ; edici&#xF3;n, Miryam L&#xF3;pez ; correcci&#xF3;n, Alejandro Castelli</subfield>
  </datafield>
  <datafield tag="250" ind1=" " ind2=" ">
    <subfield code="a">Primera edici&#xF3;n</subfield>
  </datafield>
  <datafield tag="264" ind1=" " ind2="4">
    <subfield code="a">Santo Domingo :</subfield>
    <subfield code="b">Ediciones FUNGLODE;</subfield>
    <subfield code="b">Corporaci&#xF3;n Escenarios,</subfield>
    <subfield code="c">&#xA9;2005.</subfield>
  </datafield>
  <datafield tag="300" ind1=" " ind2=" ">
    <subfield code="a">xviii, 281 p&#xE1;ginas :</subfield>
    <subfield code="b">ilustraciones ;</subfield>
    <subfield code="c">24 cm.</subfield>
  </datafield>
  <datafield tag="336" ind1=" " ind2=" ">
    <subfield code="a">texto</subfield>
    <subfield code="b">txt</subfield>
    <subfield code="2">rdacontent</subfield>
  </datafield>
  <datafield tag="337" ind1=" " ind2=" ">
    <subfield code="a">sin mediaci&#xF3;n</subfield>
    <subfield code="b">n</subfield>
    <subfield code="2">rdamedia</subfield>
  </datafield>
  <datafield tag="338" ind1=" " ind2=" ">
    <subfield code="a">volumen</subfield>
    <subfield code="b">nc</subfield>
    <subfield code="2">rdacarrier</subfield>
  </datafield>
  <datafield tag="505" ind1="0" ind2=" ">
    <subfield code="a">Pr&#xF3;logo xi -- Introducci&#xF3;n xvii -- PARTE I -- Documento de discusi&#xF3;n. Gobernabilidad en Am&#xE9;rica Latina: actores y escenarios Ernesto Samper -- Modelo de desarrollo de Am&#xE9;rica Latina y la globalizaci&#xF3;n - Corporaci&#xF3;n escenarios -- An&#xE1;lisis hist&#xF3;rico de la opini&#xF3;n sobre la gobernabilidad en Am&#xE9;rica Latina 1996-2002 - Corporaci&#xF3;n Escenarios -- PARTE II -- Gobernabilidad y globalizaci&#xF3;n - Rodrigo Borja Cevallos -- Siempre se puede hacer algo - Alain Touraine -- Gobernabilidad local y global Alain Juppe -- Gobernabilidad y localidad - Bertrand Delanoe -- Gobernabilidad y su componente urbano - Jaime Ravinet de la Fuente -- PARTE III -- Luces y sombras de las reformas estructurales latinoamericanas - Jos&#xE9; Antonio Ocampo -- La descentralizaci&#xF3;n en Am&#xE9;rica Latina: un ingrediente de la gobernabilidad - Juan Camilo Restrepo -- Dos bloques ate la gobernabilidad - Marco Aurelio Garc&#xED;a -- Am&#xE9;rica Latina: del estado pasivo a los estados desarrollistas - Jos&#xE9; Serra -- PARTE IV -- Seguridad hemisf&#xE9;rica_ amenazas cr&#xF3;nicas, nuevvos desaf&#xED;os y respuestas pendientes - Horacio Serpa Uribe -- La gobernabilidad empieza por casa - Jos&#xE9; Angel Gurr&#xED;a -- De la modernizaci&#xF3;n autoritaria a la modernizaci&#xF3;n democr&#xE1;tica: el reto de la actualizaci&#xF3;n institucional en M&#xE9;xico - Roberto Madrazo Pintado -- Seguridad ciudadana: mucho m&#xE1;s que seguridad - Marcelo Ebrard -- La ingobernabilidad en Centroam&#xE9;rica - Tom&#xE1;s Borge -- El mejor camino para Bolivia - Gonzalo S&#xE1;nchez de Losada -- Di&#xE1;logo pol&#xED;tico y zona de paz: reinstauraci&#xF3;n de la gobernabilidad en Bolivia - Horst Grebe -- Responsabilidad de la gobernabilidad en Am&#xE9;rica Latina - Andr&#xE9;s Zald&#xED;var -- Gobernabilidad en Am&#xE9;rica Latina: el caso de Chile - Isabel Allende -- Gobernabilidad en Am&#xE9;rica Latina: entre el autismo estatal y la democracia callejera - Rosario Green -- Una nueva institucionalidad social como garant&#xED;a de una gobernabilidad inclusiva, Patricia Bullrih.</subfield>
  </datafield>
  <datafield tag="505" ind1="0" ind2=" ">
    <subfield code="a">PARTE V -- La nueva Constituci&#xF3;n Europea - Alain Lamassoure -- Europa y la consolidaci&#xF3;n de la democracia en Am&#xE9;rica Latina - Juan Jos&#xE9; Lucas -- Democracia y pol&#xED;tica - Carlo Binetti -- Am&#xE9;rica Latina: hacia la articulaci&#xF3;n del Estado - Manuel Mar&#xED;n -- La Uni&#xF3;n Europea y la gobernabilidad - Jos&#xE9; Iganacio Salafranca S&#xE1;nchez-Neyra -- Ep&#xED;logo .</subfield>
  </datafield>
  <datafield tag="590" ind1=" " ind2=" ">
    <subfield code="a">Inventariado, 2018/LP</subfield>
  </datafield>
  <datafield tag="650" ind1=" " ind2="4">
    <subfield code="a">Medios de comunicaci&#xF3;n de masas</subfield>
    <subfield code="x">Aspectos pol&#xED;ticos</subfield>
    <subfield code="x">Rep&#xFA;blica Dominicana</subfield>
    <subfield code="9">65638</subfield>
    <subfield code="v">Congresos, conferencias, etc.</subfield>
  </datafield>
  <datafield tag="650" ind1=" " ind2="4">
    <subfield code="a">Estabilidad pol&#xED;tica</subfield>
    <subfield code="z">Am&#xE9;rica Latina</subfield>
    <subfield code="9">65639</subfield>
    <subfield code="v">Congresos, conferencias, etc.</subfield>
  </datafield>
  <datafield tag="651" ind1=" " ind2="4">
    <subfield code="a">Am&#xE9;rica Latina</subfield>
    <subfield code="x">Pol&#xED;tica y gobierno</subfield>
    <subfield code="9">53280</subfield>
    <subfield code="v">Congresos, conferencias, etc.</subfield>
  </datafield>
  <datafield tag="700" ind1="1" ind2=" ">
    <subfield code="a">Borotra, Didier,</subfield>
    <subfield code="e">prologuista</subfield>
    <subfield code="4">pr.</subfield>
    <subfield code="9">65640</subfield>
  </datafield>
  <datafield tag="700" ind1="1" ind2=" ">
    <subfield code="a">Bordas, Yoel,</subfield>
    <subfield code="e">ilustrador</subfield>
    <subfield code="4">il.</subfield>
    <subfield code="9">88813</subfield>
  </datafield>
  <datafield tag="700" ind1="1" ind2=" ">
    <subfield code="a">L&#xF3;pez, Miryam,</subfield>
    <subfield code="e">editor</subfield>
    <subfield code="4">ed.</subfield>
    <subfield code="9">88814</subfield>
  </datafield>
  <datafield tag="700" ind1="1" ind2=" ">
    <subfield code="a">Castelli, Alejandro,</subfield>
    <subfield code="e">corrector</subfield>
    <subfield code="4">corr.</subfield>
    <subfield code="9">88815</subfield>
  </datafield>
  <datafield tag="710" ind1="2" ind2="2">
    <subfield code="a">Fundaci&#xF3;n Global Democrac&#xED;a y Desarrollo</subfield>
    <subfield code="9">25477</subfield>
  </datafield>
  <datafield tag="910" ind1=" " ind2=" ">
    <subfield code="a">Validado. Control de calidad EMS</subfield>
  </datafield>
  <datafield tag="942" ind1=" " ind2=" ">
    <subfield code="2">ddc</subfield>
    <subfield code="c">LBS1</subfield>
  </datafield>
  <datafield tag="952" ind1=" " ind2=" ">
    <subfield code="0">0</subfield>
    <subfield code="1">0</subfield>
    <subfield code="2">ddc</subfield>
    <subfield code="5">6</subfield>
    <subfield code="7">0</subfield>
    <subfield code="8">DS</subfield>
    <subfield code="a">BNPHU</subfield>
    <subfield code="b">BNPHU</subfield>
    <subfield code="c">HD</subfield>
    <subfield code="d">2014-03-24</subfield>
    <subfield code="e">Donado por Leopoldo P.</subfield>
    <subfield code="l">0</subfield>
    <subfield code="o">BNPHU DS 320.98 E56a</subfield>
    <subfield code="p">39434-30</subfield>
    <subfield code="r">2020-06-25</subfield>
    <subfield code="t">e.3</subfield>
    <subfield code="w">2020-06-25</subfield>
    <subfield code="y">LBS1</subfield>
    <subfield code="Z">Pr&#xE9;stamo en sala</subfield>
  </datafield>
  <datafield tag="952" ind1=" " ind2=" ">
    <subfield code="0">0</subfield>
    <subfield code="1">0</subfield>
    <subfield code="2">ddc</subfield>
    <subfield code="5">6</subfield>
    <subfield code="7">0</subfield>
    <subfield code="8">DS</subfield>
    <subfield code="a">BNPHU</subfield>
    <subfield code="b">BNPHU</subfield>
    <subfield code="c">HD</subfield>
    <subfield code="d">2014-03-24</subfield>
    <subfield code="l">0</subfield>
    <subfield code="o">BNPHU DS 320.98 E56a</subfield>
    <subfield code="p">39434-40</subfield>
    <subfield code="r">2020-06-25</subfield>
    <subfield code="t">e.4</subfield>
    <subfield code="w">2020-06-25</subfield>
    <subfield code="y">LBS1</subfield>
    <subfield code="Z">Pr&#xE9;stamo en sala</subfield>
  </datafield>
  <datafield tag="952" ind1=" " ind2=" ">
    <subfield code="0">0</subfield>
    <subfield code="1">0</subfield>
    <subfield code="2">ddc</subfield>
    <subfield code="5">1</subfield>
    <subfield code="7">0</subfield>
    <subfield code="8">PD</subfield>
    <subfield code="a">BNPHU</subfield>
    <subfield code="b">BNPHU</subfield>
    <subfield code="c">HD</subfield>
    <subfield code="d">2013-06-27</subfield>
    <subfield code="e">Dep&#xF3;sito Legal</subfield>
    <subfield code="l">0</subfield>
    <subfield code="o">BNPHU PD 320.98 E56a</subfield>
    <subfield code="p">39434-10</subfield>
    <subfield code="r">2020-06-25</subfield>
    <subfield code="w">2020-06-25</subfield>
    <subfield code="y">LBS1</subfield>
    <subfield code="Z">No se presta</subfield>
  </datafield>
  <datafield tag="952" ind1=" " ind2=" ">
    <subfield code="0">0</subfield>
    <subfield code="1">0</subfield>
    <subfield code="2">ddc</subfield>
    <subfield code="5">1</subfield>
    <subfield code="7">0</subfield>
    <subfield code="8">PD</subfield>
    <subfield code="a">BNPHU</subfield>
    <subfield code="b">BNPHU</subfield>
    <subfield code="c">HD</subfield>
    <subfield code="d">2014-03-24</subfield>
    <subfield code="e">Dep&#xF3;sito Legal</subfield>
    <subfield code="l">0</subfield>
    <subfield code="o">BNPHU PD 320.98 E56a</subfield>
    <subfield code="p">39434-20</subfield>
    <subfield code="r">2020-06-25</subfield>
    <subfield code="t">e.2</subfield>
    <subfield code="w">2020-06-25</subfield>
    <subfield code="y">LBS1</subfield>
    <subfield code="Z">No se presta</subfield>
  </datafield>
  <datafield tag="999" ind1=" " ind2=" ">
    <subfield code="c">38924</subfield>
    <subfield code="d">38924</subfield>
  </datafield>
</record>
